000
00254nam a2200097Ia 4500
001
685047
005
20250826161510.0
008
250824s9999 xx 000 0 und d
245
0
_a
YILDIZIN PARLADIĞI ANLAR/S.ZWEIG/EVEREST
_c
STEFAN ZWEIG
260
_b
EVEREST
999
_c
685047
_d
685047